| 000 | 00000nam##2200000za#4500 |
| 001 | 9.658366 |
| 003 | CaOODSP |
| 005 | 20200330102327 |
| 007 | ta |
| 008 | 150407|1996||||xxc||||| f|0| 0 fre|d |
| 020 | |a0-662-62296-0 |
| 040 | |aCaOODSP|bfre |
| 041 | |aeng |
| 041 | |afre |
| 043 | |an-cn--- |
| 086 | 1 |aSW21-16/1996 |
| 110 | 1 |aCanada. |bCondition féminine Canada. |
| 245 | 10|aAnalyse comparative entre les sexes : |bguide d'élaboration de politiques |
| 260 | |aOttawa - Ontario : |bCondition féminine Canada |c1996. |
| 300 | |aTexte français, 31p. : |bfigure ; |c28 cm. |
| 500 | |a«En 1995, le gouvernement fédéral a adopté une politique en vertu de laquelle les ministères et organismes fédéraux sont tenus d'assujettir à une analyse comparative entre les sexes, lorsqu'il y a lieu, leurs politiques et mesures législatives à venir. Le présent guide est un document de travail «pratique», préparé par Condition féminine Canada, afin de faciliter la mise en oeuvre de cette politique à l'échelle du gouvernement. Il fait partie d'un projet pilote conçu pour amorcer la mise en oeuvre de cette forme d'analyse sur une période de cinq ans.»--Introduction. |
| 520 | 3 |aEn 1995, le gouvernement fédéral a adopté une politique en vertu de laquelle les ministères et organismes fédéraux sont tenus d'assujettir à une analyse comparative entre les sexes, lorsqu'il y a lieu, leurs politiques et mesures législatives à venir. Le présent guide est un document de travail pratique, préparé par Condition féminine Canada, afin de faciliter la mise en oeuvre de cette politique à l'échelle du gouvernement. Il fait partie d'un projet pilote conçu pour amorcer la mise en oeuvre de cette forme d'analyse sur une période de cinq ans.--Introduction |
| 546 | |aBilingue |
| 563 | |aCouverture souple |
| 590 | |a96-12|b1996-03-22 |
| 691 | 07|aCondition de la femme|2gcpds |
| 776 | 0#|tAnalyse comparative entre les sexes : |w(CaOODSP)9.633037 |
| 776 | 0#|tGender-based analysis : |w(CaOODSP)9.688615 |
| 791 | |tGender-based analysis : |eeng|w(CaOODSP)9.658365 |